Texas Sports Team Logos - Statistics

General Stats
  • This quiz has been taken 173 times
  • The average score is 12 of 14
Answer Stats
Picture Answer % Correct
Cowboys
100%
Rockets
92%
Texans
92%
Astros
91%
Mavericks
91%
Spurs
91%
Rangers
90%
Stars
90%
Texas
88%
Texas A&M
87%
Texas Tech
87%
Baylor
85%
Houston
83%
TCU
73%
No matching quizzes found
Score Distribution
Percent of People with Each Score
Percentile by Number Answered
Your Score History
You have not taken this quiz